Textbook of Nursing Foundation for BSc Nursing Students (Record no. 359492)
[ view plain ]
| 000 -LEADER | |
|---|---|
| fixed length control field | 00503nam a22001817a 4500 |
| 005 - DATE AND TIME OF LATEST TRANSACTION | |
| control field | 20250829115515.0 |
| 008 - FIXED-LENGTH DATA ELEMENTS--GENERAL INFORMATION | |
| fixed length control field | 240814b |||||||| |||| 00| 0 eng d |
| 020 ## - INTERNATIONAL STANDARD BOOK NUMBER | |
| International Standard Book Number | 978-93-92242-84-7 |
| 041 ## - LANGUAGE CODE | |
| Language code of text/sound track or separate title | English |
| 082 ## - DEWEY DECIMAL CLASSIFICATION NUMBER | |
| Classification number | F 610.73 KAT DB1283 |
| 100 ## - MAIN ENTRY--PERSONAL NAME | |
| Author | Kathwal Jyoti |
| 245 ## - TITLE STATEMENT | |
| Title | Textbook of Nursing Foundation for BSc Nursing Students |
| 250 ## - EDITION STATEMENT | |
| Edition statement | 2nd ed. |
| 260 ## - PUBLICATION, DISTRIBUTION, ETC. | |
| Place of publication, distribution, etc. | Mohali, Punjab |
| Name of publisher, distributor, etc. | Vision Health Sciences Publishers |
| Date of publication, distribution, etc. | 2024 |
| 300 ## - PHYSICAL DESCRIPTION | |
| Extent | 934p |
| 365 ## - TRADE PRICE | |
| Price amount | 1350.00 |
| 942 ## - ADDED ENTRY ELEMENTS (KOHA) | |
| Koha item type | Donated Book |
| Withdrawn status | Lost status | Source of classification or shelving scheme | Damaged status | Not for loan | Home library | Current library | Date acquired | Net Price | Bill number | Total Checkouts | Total Renewals | Full call number | Barcode | Date last seen | Date last checked out | Bill Date | Koha item type | Original Barcode |
|---|---|---|---|---|---|---|---|---|---|---|---|---|---|---|---|---|---|---|
| Dewey Decimal Classification | Smt. Bakul Tambat Institute of Nursing Education | Smt. Bakul Tambat Institute of Nursing Education | 08/08/2024 | 1350.00 | IK#2024-25#129 | 11 | 6 | F 610.73 KAT DB1283 | BTIN-DB-1283 | 31/12/2025 | 24/12/2025 | 08/08/2024 | Donated Book | DB1283 | ||||
| Dewey Decimal Classification | Smt. Bakul Tambat Institute of Nursing Education | Smt. Bakul Tambat Institute of Nursing Education | 22/08/2025 | 1425.00 | Ik#2025-26#666 | 8 | 5 | F 610.73 KAT DB1396 | BTIN-DB-1396 | 29/01/2026 | 08/01/2026 | 22/08/2025 | Donated Book | DB1396 |